[Event "TrG01"]
[Site "http://www.queenalice.com/game.php?id=983414"]
[Date "2011.9.10"]
[Round "-"]
[White "TIMM"]
[Black "pjbrito"]
[Result "1-0"]
[WhiteElo "1789"]
[BlackElo "1562"]

1. e4 c5 2. Bc4 Nc6 3. Qf3 Nf6 4. Nh3 e6 5. d3 Nd4 6. Qd1 d5 7. exd5 exd5 8. Bb3
Be7 9. c3 Nxb3 10. axb3 Bxh3 11. gxh3 O-O 12. Bg5 Re8 13. Kf1 b6 14. Rg1 Rc8 15.
Rxa7 Nd7 16. Bxe7 Rxe7 17. Qg4 g6 18. h4 h5 19. Qg5 Qe8 20. Kg2 Ne5 21. Qxe7
Nxd3 22. Qxe8+ Rxe8 23. Rb7 Re2 24. Rf1 Re6 25. Rb8+ Kg7 26. Rd1 Nf4+ 27. Kf3
Rf6 28. b4 c4 29. Ke3 Nd3 30. Rd2 Rf4 31. Rxd3 Re4+ 32. Kd2 cxd3 33. Kxd3 Rxh4
34. Rxb6 Rxh2 35. Ke3 Rh1 36. Nd2 Kh6 37. Rd6 Kg5 38. b5 Kf5 39. b6 Ke5 40. Rd7
Ke6 41. Rd8 Rh3+ 42. Nf3 Rh1 43. b7 Rb1 44. b8=Q Kf5 45. Qf4+ Ke6 46. Qe5# 1-0

[Event "Challenge"]
[Site "http://www.queenalice.com/game.php?id=983624"]
[Date "2011.9.10"]
[Round "-"]
[White "TIMM"]
[Black "joaobatista"]
[Result "1-0"]
[WhiteElo "1782"]
[BlackElo "1745"]

1. e4 d6 2. Bc4 a6 3. Nh3 h6 4. Qf3 Nf6 5. d4 Bg4 6. Qb3 d5 7. Qxb7 Nbd7 8. Bxd5
Nxd5 9. Qxd5 Be6 10. Qb7 f6 11. Bf4 Qb8 12. Qxb8+ Rxb8 13. d5 Bf7 14. b3 Rb7 15.
Nc3 g5 16. Be3 Bg7 17. O-O-O f5 18. Bd4 O-O 19. exf5 Rc8 20. Bxg7 Kxg7 21. g4
Nf6 22. Rd4 Rd8 23. f4 Nxg4 24. fxg5 Ne3 25. gxh6+ Kh8 26. Ng5 Bg8 27. h7 Nxf5
28. hxg8=Q+ Rxg8 29. Nf7+ Kg7 30. Rf4 Kxf7 31. Rxf5+ Ke8 32. h4 Rb6 33. h5 Rh6
34. Re5 Kd7 35. Ne4 Rg4 36. Nf2 Rf4 37. Nd3 Rd4 38. Kd2 Kd6 39. Re6+ Rxe6 40.
dxe6 Kxe6 41. h6 Rd8 42. h7 Rh8 43. Nc5+ Kf7 44. Nxa6 c6 45. a4 Kg7 46. a5 Rd8+
47. Kc3 Kh8 48. Nb4 Rc8 49. Kc4 c5 50. Nd5 e6 51. Ne7 Re8 52. Ng6+ Kg7 53. h8=Q+
Rxh8 54. Nxh8 1-0

[Event "Challenge"]
[Site "http://www.queenalice.com/game.php?id=986605"]
[Date "2011.9.18"]
[Round "-"]
[White "albemo"]
[Black "TIMM"]
[Result "1-0"]
[WhiteElo "1817"]
[BlackElo "1804"]

1. c4 d5 2. cxd5 Qxd5 3. Nc3 Qd6 4. Nf3 Bd7 5. d4 Nc6 6. e4 e5 7. Nb5 Qb4+ 8.
Bd2 Qxb2 9. Nxc7+ Kd8 10. Nxa8 Kc8 11. d5 Kb8 12. dxc6 Bxc6 13. Rb1 Qxa2 14. Bc3
Qe6 15. Qd8+ Qc8 16. Bxe5+ Bd6 17. Bxd6+ Kxa8 18. Qxc8# 1-0

[Event "Challenge"]
[Site "http://www.queenalice.com/game.php?id=995446"]
[Date "2011.10.9"]
[Round "-"]
[White "TIMM"]
[Black "albemo"]
[Result "0-1"]
[WhiteElo "1796"]
[BlackElo "1841"]

1. e4 e5 2. Bc4 Nf6 3. d3 Bc5 4. Be3 Bxe3 5. fxe3 O-O 6. h4 c6 7. h5 d5 8. exd5
cxd5 9. Bb3 Nc6 10. h6 g6 11. Na3 Bg4 12. Ne2 Qb6 13. Qd2 Bxe2 14. Qxe2 a5 15.
Rh4 Ne7 16. e4 a4 17. exd5 Qa5+ 18. c3 axb3 19. Qxe5 Rfe8 20. Qxf6 Nxd5+ 21. Kd2
Nxf6 22. axb3 Qg5+ 23. Rf4 Qxf4+ 24. Kc2 Qf2+ 25. Kb1 Re1+ 26. Ka2 Rxa3+ 27.
Kxa3 Qa7+ 28. Kb4 Rxa1 29. c4 Qa5# 0-1

[Event "OS INCLIVEIS"]
[Site "http://www.queenalice.com/game.php?id=1000693"]
[Date "2011.10.23"]
[Round "-"]
[White "adelio"]
[Black "TIMM"]
[Result "0-1"]
[WhiteElo "1682"]
[BlackElo "1797"]

1. d4 e6 2. e4 c5 3. Nf3 Nf6 4. Nc3 d5 5. Bg5 h6 6. Bxf6 gxf6 7. e5 fxe5 8. Nxe5
Nc6 9. Nxf7 Kxf7 10. Qh5+ Kg7 11. Bd3 Qg5 12. g4 Nxd4 13. Kf1 c4 14. Qg6+ Qxg6
15. Bxg6 Kxg6 16. Rc1 a6 17. h4 h5 18. g5 b5 19. Rh3 Bd6 20. f3 Rf8 21. Kg2 e5
22. Nxd5 Bxh3+ 23. Kxh3 Rxf3+ 24. Kg2 e4 25. Re1 Re8 26. c3 Nf5 27. Nf6 Re6 28.
Nxe4 Nxh4+ 29. Kg1 Bg3 30. Re2 Bf2+ 31. Rxf2 Rxe4 32. Rxf3 Nxf3+ 33. Kf2 Nxg5
34. b4 h4 35. a3 h3 36. Kg3 Re3+ 37. Kh2 Rxc3 38. a4 bxa4 39. b5 axb5 40. Kh1 a3
41. Kg1 a2 42. Kf2 a1=Q 43. Ke2 Qb2+ 44. Kd1 Rc1# 0-1

[Event "Challenge"]
[Site "http://www.queenalice.com/game.php?id=1000713"]
[Date "2011.10.23"]
[Round "-"]
[White "TIMM"]
[Black "albemo"]
[Result "0-1"]
[WhiteElo "1808"]
[BlackElo "1858"]

1. e4 e5 2. Nh3 Nf6 3. d3 Bc5 4. Be3 Bb6 5. Na3 d5 6. Nb5 d4 7. Bg5 Nbd7 8. f4
a6 9. fxe5 Nxe5 10. Na3 O-O 11. Nc4 Nxc4 12. dxc4 Qd6 13. Bf4 Qc5 14. b3 Ba5+
15. Bd2 Bxd2+ 16. Qxd2 Nxe4 17. Qd3 Re8 18. Nf2 Qb4+ 19. Ke2 Nc5+ 20. Kf3 Nxd3
21. Nxd3 Qd2 22. Re1 Rxe1 23. Nxe1 Qe3# 0-1

[Event "OS INCLIVEIS"]
[Site "http://www.queenalice.com/game.php?id=1001114"]
[Date "2011.10.24"]
[Round "-"]
[White "adelio"]
[Black "TIMM"]
[Result "0-1"]
[WhiteElo "1672"]
[BlackElo "1794"]

1. d4 e6 2. e4 c5 3. d5 exd5 4. exd5 d6 5. Nc3 Qe7+ 6. Nge2 Qe5 7. Bf4 Qf6 8. h3
Na6 9. g4 g5 10. Ne4 Qxb2 11. c3 gxf4 12. Nxf4 Bg7 13. Nxd6+ Ke7 14. Nf5+ Bxf5
15. gxf5 Qxc3+ 16. Ke2 Qe5+ 17. Kf3 Qxf5 18. d6+ Kd7 19. Bb5+ Kd8 20. Re1 Nh6
21. Qa4 Nc7 22. Rad1 Nxb5 23. Qxb5 b6 24. Qc6 Rc8 25. Qb7 Qd7 26. Qxd7+ Kxd7 27.
Re7+ Kc6 28. Rxa7 Rhd8 29. d7 Rc7 30. Rxc7+ Kxc7 31. Nd5+ Kc6 32. Ne7+ Kc7 33.
Nd5+ Kxd7 34. Nxb6+ Kc7 35. Nd5+ Kc6 36. Ne7+ Kc7 37. Nd5+ Kb7 38. Rb1+ Kc6 39.
Ne3 Bd4 40. Nc4 Kd5 41. Nb6+ Ke5 42. Re1+ Kf6 43. Rg1 Nf5 44. Nc4 Ra8 45. a3 Ra4
46. Rc1 Nh4+ 47. Kg4 Ng6 48. f4 Ne7 49. h4 Nc6 50. Nb6 Rxa3 51. Nd5+ Ke6 52. Nb6
Ne7 53. Nc4 Rc3 54. Re1+ Kf6 55. Nd6 Re3 56. Ne4+ Kg6 57. h5+ Kg7 58. h6+ Kxh6
59. Rh1+ Kg7 60. Ng5 h6 61. Nf3 f6 62. Rg1 Rxf3 63. Kxf3+ Bxg1 64. Kg2 Bd4 65.
Kf1 c4 66. Ke2 Bb2 67. Kd2 c3+ 68. Kc2 h5 69. Kb1 h4 70. Kc2 h3 71. f5 h2 72.
Kb3 h1=Q 73. Ka2 Qa1+ 74. Kb3 Qa3+ 75. Kc2 Nxf5 76. Kb1 Qa1+ 77. Kc2 Ba3 78. Kd3
Qb2 79. Ke4 Kg6 80. Kd3 c2 81. Ke4 c1=Q 82. Kd3 Qcc3+ 83. Ke4 Qd4+ 84. Kf3 Qbc3+
85. Ke2 Qdd2+ 86. Kf1 Qcc1# 0-1

[Event "OS INCLIVEIS"]
[Site "http://www.queenalice.com/game.php?id=1003376"]
[Date "2011.10.31"]
[Round "-"]
[White "adelio"]
[Black "TIMM"]
[Result "1-0"]
[WhiteElo "1728"]
[BlackElo "1805"]

1. d4 e6 2. e4 Nc6 3. e5 d6 4. f4 dxe5 5. fxe5 Qxd4 6. Qxd4 Nxd4 7. Bd3 g6 8. c3
Nc6 9. Nf3 Bg7 10. Bf4 Bd7 11. b4 O-O-O 12. a4 Be8 13. Bb5 a6 14. Bxc6 Bxc6 15.
Nbd2 Bh6 16. Bxh6 Nxh6 17. Rd1 Bxa4 18. Ra1 b5 19. O-O Ng4 20. Rae1 Bc2 21. h3
Bd3 22. hxg4 Bxf1 23. Kxf1 Rd3 24. Ne4 h6 25. Nd4 h5 26. g5 h4 27. Ke2 Rxd4 28.
cxd4 h3 29. g3 h2 30. Rh1 a5 31. bxa5 b4 32. a6 b3 33. Kd2 Kb8 34. Kc3 b2 35.
Kxb2 Ka7 36. Nc5 Kb6 37. Kc3 c6 38. Kc4 Rh5 39. Kb4 Rh3 40. Kc4 Rh5 41. g4 Rh4
42. Rb1+ Ka7 43. Rb7+ Ka8 44. Nd7 h1=Q 45. Nb6# 1-0

[Event "Evron"]
[Site "http://www.queenalice.com/game.php?id=1023384"]
[Date "2012.1.31"]
[Round "-"]
[White "joaobatista"]
[Black "TIMM"]
[Result "0-1"]
[WhiteElo "1706"]
[BlackElo "1752"]

1. Nf3 e6 2. d4 d5 3. Bd2 Qd6 4. a3 Qb6 5. b4 Nc6 6. e3 a6 7. Be2 Bd6 8. O-O Nf6
9. c4 dxc4 10. Nc3 Nd5 11. Bxc4 Nxc3 12. Bxc3 Bd7 13. Re1 Qa7 14. d5 exd5 15.
Bb3 f6 16. Qxd5 O-O-O 17. Ba4 b5 18. Bc2 Ne7 19. Qb3 Qb7 20. Nh4 Qd5 21. Qb2 Qh5
22. g3 Ng6 23. Bd1 Bg4 24. Bxg4+ Qxg4 25. f3 Qh3 26. Qg2 Qxg2+ 27. Kxg2 Be5 28.
Bxe5 Nxe5 29. Nf5 g5 30. Re2 h5 31. h4 g4 32. f4 Nc4 33. Ne7+ Kb7 34. e4 Rd2 35.
Rxd2 Nxd2 36. e5 fxe5 37. Rd1 Nc4 38. Rd3 e4 39. Rc3 Re8 40. Nf5 e3 41. Kf1 e2+
42. Ke1 Nd2 43. Re3 Nf3+ 44. Kxe2 Rxe3+ 45. Nxe3 Nd4+ 46. Kd2 Kb6 47. Nd5+ Kc6
48. Nf6 Nf5 49. Nxh5 Kd5 50. Kd3 c5 51. Nf6+ Ke6 52. Nxg4 c4+ 53. Kc3 Nxg3 54.
Ne3 Nf5 55. Nxf5 Kxf5 56. h5 Kf6 57. a4 Kg7 58. f5 Kf6 59. axb5 axb5 60. h6 Kf7
61. Kd4 Kf6 62. Kc3 Kf7 63. f6 Kxf6 64. h7 Kg7 0-1

[Event "AUTO-ADV-2399"]
[Site "http://www.queenalice.com/game.php?id=1025512"]
[Date "2012.2.3"]
[Round "1"]
[White "teddy"]
[Black "TIMM"]
[Result "0-1"]
[WhiteElo "1620"]
[BlackElo "1766"]

1. e4 e5 2. Nf3 Nc6 3. d4 exd4 4. Nxd4 d5 5. Bb5 Ne7 6. Nc3 a6 7. Nxc6 bxc6 8.
Ba4 dxe4 9. Qxd8+ Kxd8 10. Nxe4 Bb7 11. Bf4 Nd5 12. O-O-O a5 13. c4 Kc8 14. cxd5
cxd5 15. Ng5 f6 16. Ne6 Ra6 17. Nxf8 Rxf8 18. Rhe1 c6 19. Bd6 Rd8 20. Re7 Rxd6
21. Rde1 Rd7 22. Re8+ Rd8 23. R1e7 Rxe8 24. Rxe8+ Kd7 25. Rg8 g6 26. Rg7+ Kc8
27. Rxh7 Rb6 28. Rh6 Rb4 0-1

[Event "AUTO-ADV-2399"]
[Site "http://www.queenalice.com/game.php?id=1025513"]
[Date "2012.2.3"]
[Round "1"]
[White "TIMM"]
[Black "teddy"]
[Result "0-1"]
[WhiteElo "1787"]
[BlackElo "1625"]

1. e4 e5 2. Qf3 Nc6 3. Bc4 Nf6 4. g4 Nd4 5. Qd1 d5 6. exd5 Bxg4 7. f3 Nxd5 8.
fxg4 Nxc2+ 9. Qxc2 Qh4+ 10. Kf1 Bc5 11. Qe4 Qf2# 0-1

[Event "AUTO-ADV-2399"]
[Site "http://www.queenalice.com/game.php?id=1025530"]
[Date "2012.2.3"]
[Round "1"]
[White "Bebeto"]
[Black "TIMM"]
[Result "1-0"]
[WhiteElo "1889"]
[BlackElo "1743"]

1. e4 e5 2. Nf3 d6 3. Be2 Nf6 4. Nc3 h5 5. b3 h4 6. h3 d5 7. exd5 Nxd5 8. Bb2 f6
9. d3 Bb4 10. Qd2 g5 11. O-O-O c6 12. Nh2 Qb6 13. Bf3 Qa5 14. Bxd5 cxd5 15. a3
Bxc3 16. Qxc3 Qxc3 17. Bxc3 d4 18. Bb2 b5 19. Ng4 O-O 20. g3 Bb7 21. Rhg1 Bf3
22. Rde1 Nc6 23. Nh6+ Kg7 24. Nf5+ Kg6 25. g4 a5 26. Nd6 b4 27. a4 Rab8 28. Nc4
Rfd8 29. Nd2 Bd5 30. Ne4 Bxe4 31. Rxe4 Ne7 32. Kb1 Nd5 33. Bc1 Nc3+ 34. Kb2 Nxe4
35. dxe4 Rbc8 36. Bd2 Rd7 37. f3 d3 38. c3 bxc3+ 39. Bxc3 Rc5 40. Rd1 Kf7 41. b4
axb4 42. Bxb4 Rc4 43. Kb3 Rc2 44. Rxd3 Rxd3+ 45. Kxc2 Rxf3 46. a5 Rf2+ 47. Kd1
Rb2 48. Bc5 Rb5 49. Bb6 Ke6 50. Kd2 Kd6 51. Kc3 Kc6 52. Kc4 Rb1 53. Kc3 1-0

[Event "AUTO-ADV-2399"]
[Site "http://www.queenalice.com/game.php?id=1025531"]
[Date "2012.2.3"]
[Round "1"]
[White "TIMM"]
[Black "Bebeto"]
[Result "0-1"]
[WhiteElo "1733"]
[BlackElo "1880"]

1. e4 e5 2. Qf3 Nf6 3. g4 h6 4. d3 d6 5. h4 Bxg4 6. Qg3 h5 7. f3 Be6 8. Bh3 Qd7
9. f4 exf4 10. Bxf4 Nc6 11. Bf5 O-O-O 12. Nf3 g6 13. Bxe6 Qxe6 14. Ng5 Qd7 15.
Nc3 Bg7 16. O-O-O Ng4 17. Nb5 a6 18. Nc3 Nd4 19. Rd2 Ne6 20. Nxe6 Qxe6 21. Kb1
Bxc3 22. bxc3 Kb8 23. Bg5 Rc8 24. Rf1 Rcf8 25. Re2 f6 26. Bc1 d5 27. Ba3 Re8 28.
Qf4 Qb6+ 29. Kc1 dxe4 30. Rxe4 f5 31. Rxe8+ Rxe8 32. d4 Qa5 33. Kb2 Qb6+ 34. Bb4
a5 35. d5 axb4 36. Qxb4 Qxb4+ 37. cxb4 Ne3 38. Re1 Nc4+ 39. Kc3 Rxe1 40. Kxc4
Re4+ 41. Kc5 Rxh4 42. b5 Rh2 43. c4 Rxa2 44. d6 cxd6+ 45. Kxd6 f4 46. c5 f3 47.
c6 bxc6 48. bxc6 Kc8 49. c7 f2 50. Kc6 f1=Q 51. Kd6 Qf4+ 52. Kc6 Qxc7+ 53. Kd5
Qe7 54. Kd4 Rd2+ 55. Kc4 Qc7+ 56. Kb3 Rd3+ 57. Kb4 Qc3+ 0-1

[Event "Challenge"]
[Site "http://www.queenalice.com/game.php?id=1025605"]
[Date "2012.2.3"]
[Round "-"]
[White "TIMM"]
[Black "plot24"]
[Result "0-1"]
[WhiteElo "1765"]
[BlackElo "1834"]

1. e4 e5 2. Qf3 Nf6 3. g4 h5 4. g5 Ng8 5. Bc4 Qe7 6. h4 d6 7. d3 Nc6 8. Be3 Be6
9. Na3 f6 10. Nb5 a6 11. Nxc7+ Qxc7 12. Bxe6 Nb4 13. Rc1 Nxa2 14. Bxa2 Qa5+ 15.
Bd2 Qxa2 16. b3 Be7 17. Qe3 Rc8 18. Kd1 d5 19. Qb6 Ba3 20. Qe6+ Ne7 21. c4 Bxc1
22. Bxc1 Qxb3+ 23. Ke2 Qc2+ 24. Bd2 dxe4 25. dxe4 Qxe4+ 26. Kf1 Qxc4+ 27. Qxc4
Rxc4 28. Nf3 e4 29. Ne1 Kf7 30. Kg2 Rd8 31. Ba5 Rd1 32. Kg3 f5 33. Kf4 Rcc1 34.
Ke3 Nc6 35. Bd2 Rb1 36. Ke2 Nd4+ 37. Ke3 Nf3 38. Ba5 Nxe1 39. Ke2 Nf3 40. Rxd1
Rxd1 41. Kxd1 Nxh4 42. Ke2 Kg6 43. Bd8 Nf3 44. Ke3 Nxg5 45. Bxg5 Kxg5 46. f3
exf3 47. Kxf3 h4 48. Kg2 a5 49. Kf3 a4 50. Ke3 a3 51. Kd2 a2 52. Kd3 a1=Q 53.
Kc4 h3 54. Kd5 h2 55. Kd6 h1=Q 56. Ke6 Qhe1+ 57. Kf7 Qf6+ 58. Kg8 Qe8+ 59. Kh7
Qh6# 0-1

[Event "OS INCLIVEIS"]
[Site "http://www.queenalice.com/game.php?id=1029879"]
[Date "2012.2.15"]
[Round "-"]
[White "adelio"]
[Black "TIMM"]
[Result "1-0"]
[WhiteElo "1723"]
[BlackElo "1825"]

1. d4 e6 2. e4 c5 3. Nf3 cxd4 4. a3 Qa5+ 5. Bd2 Qb6 6. b3 d6 7. h4 e5 8. Be2 Nf6
9. Ng5 h6 10. Nxf7 Kxf7 11. h5 Nxe4 12. Bg4 d3 13. Qf3+ Nf6 14. Bxc8 e4 15. Qh3
dxc2 16. Qe6# 1-0

[Event "Challenge"]
[Site "http://www.queenalice.com/game.php?id=1035169"]
[Date "2012.3.2"]
[Round "-"]
[White "JD"]
[Black "TIMM"]
[Result "1-0"]
[WhiteElo "1764"]
[BlackElo "1805"]

1. c4 d5 2. e3 d4 3. Nf3 dxe3 4. fxe3 Nc6 5. a3 Na5 6. Nc3 Be6 7. b3 Qd6 8. d3
O-O-O 9. b4 Nc6 10. c5 Qd7 11. d4 Bg4 12. Qa4 a6 13. b5 Nb8 14. bxa6 Qxa4 15.
axb7+ Kxb7 16. Nxa4 Bd7 17. c6+ Bxc6 18. Ne5 Be8 19. Nc5+ Kc8 20. Rb1 f6 21. Na6
Nxa6 22. Bxa6# 1-0

[Event "Evron II"]
[Site "http://www.queenalice.com/game.php?id=1051818"]
[Date "2012.4.23"]
[Round "-"]
[White "joaobatista"]
[Black "TIMM"]
[Result "1-0"]
[WhiteElo "1762"]
[BlackElo "1776"]

1. d4 e6 2. e4 c5 3. d5 Nf6 4. e5 Nxd5 5. Nf3 Nc6 6. Bg5 f6 7. exf6 gxf6 8. Bh4
Qb6 9. b3 Qb4+ 10. Qd2 Be7 11. c3 Qe4+ 12. Be2 Rg8 13. O-O Qg4 14. Bg3 f5 15.
Ne5 Nxe5 16. Bxg4 fxg4 17. Bxe5 h5 18. c4 Nb4 19. a3 Nc6 20. Bd6 Bg5 21. Qd3 Rg7
22. Bxc5 b6 23. Bd4 e5 24. Be3 Ke7 25. Bxg5+ Rxg5 26. Nc3 d6 27. Qh7+ Kf6 28.
Nd5+ Ke6 29. Nc7+ Kf6 30. Nxa8 Nd4 31. f4 Rg7 32. fxe5+ Kxe5 33. Qxg7+ Ke4 34.
Rae1+ Kd3 35. Qxa7 Nxb3 36. Nxb6 Nd2 37. Rd1 Be6 38. Qa5 Bxc4 39. Qxd2+ 1-0

[Event "Challenge"]
[Site "http://www.queenalice.com/game.php?id=1065503"]
[Date "2012.5.29"]
[Round "-"]
[White "TIMM"]
[Black "plot24"]
[Result "0-1"]
[WhiteElo "1759"]
[BlackElo "1750"]

1. e4 e5 2. Bc4 Nc6 3. Qh5 g6 4. Qf3 Nf6 5. Ne2 Nb4 6. Na3 Bg7 7. d3 d5 8. exd5
Nbxd5 9. Bg5 c6 10. Nc3 O-O 11. Qg3 Re8 12. O-O Nxc3 13. bxc3 Qa5 14. Nb1 Be6
15. Bxe6 Rxe6 16. Bd2 Qc7 17. Re1 Nh5 18. Qf3 f5 19. g4 fxg4 20. Qxg4 Re7 21. c4
Rf8 22. Be3 Ref7 23. Bc5 Qa5 24. Bxf8 Qxe1+ 25. Kg2 Rxf2+ 26. Kh3 Qf1+ 27. Kh4
Bf6+ 28. Qg5 Rf4# 0-1